000 01626nam a22002777a 4500
005 20120828121920.0
010 _aB-462304-308
020 _a9788131311899
_c495.00
035 _aB-462304-308
037 _adpl
_bK.K. Pub/Ven
082 _a863.1
100 _aTagore, Rabindranath
_951778
245 _aGitanjali:
_cby Kamal shankar srivastava [and] sangeeta srivastava
_bSong Offerings/
260 _aNew Delhi
_bAPH Publication
_c2011
270 _a4435-36/7 Ansri Road Daryaganj
_bNew Delhi
_e110002
300 _a138p.
_c22cm(Hb)
500 _ait includes index.
700 _aTranslated by Ratan K. Chattopadhyay
_951645
942 _2ddc
_cEN
_h863.1
_mTAG
999 _c69430
_d69430